Survey of property trends (Record no. 105547)

MARC details
000 -LEADER
fixed length control field 01503cam a2200241 4500
001 - CONTROL NUMBER
control field ##L134111
008 - FIXED-LENGTH DATA ELEMENTS--GENERAL INFORMATION
fixed length control field 060711n2006 000 0 eng u
035 ## - SYSTEM CONTROL NUMBER
System control number (Sirsi) u134111
041 0# - LANGUAGE CODE
Language code of text/sound track or separate title eng
050 04 - LIBRARY OF CONGRESS CALL NUMBER
Classification number 332.6324 $2 18
110 2# - MAIN ENTRY--CORPORATE NAME
Corporate name or jurisdiction name as entry element GVA Grimley
9 (RLIN) 3646
245 00 - TITLE STATEMENT
Title Survey of property trends
Remainder of title winter 2005/06
260 ## - PUBLICATION, DISTRIBUTION, ETC.
Place of publication, distribution, etc. London
Name of publisher, distributor, etc. GVA Grimley
Date of publication, distribution, etc. 2006
490 #0 - SERIES STATEMENT
Series statement CBI/GVA Grimley Survey of Property Trends
Volume/sequential designation Winter 2005/06
505 2# - FORMATTED CONTENTS NOTE
Formatted contents note Executive summary -- Definitions -- Change in property holdings -- Change in property holdings by sector -- Capital expenditure on property -- Business optimism -- Business output -- Employment change -- Conclusions
520 ## - SUMMARY, ETC.
Summary, etc. Indicates an increase in commercial property holdings over the last six months, and this level of demand is likely to continue over the next six. Business output rose, but growth will slow over the next six months, and overall business optimism is lower than six months ago. GVA Grimley's comprehensive bi-annual survey for the CBI collects data from occupiers of office, distribution, retail, and manufacturing property from all sectors of the economy. Graphs. (See also supplement L134112).
650 24 - SUBJECT ADDED ENTRY--TOPICAL TERM
Topical term or geographic name entry element CBI/GVA GRIMLEY SURVEY OF PROPERTY TRENDS
651 #4 - SUBJECT ADDED ENTRY--GEOGRAPHIC NAME
Geographic name United Kingdom
Chronological subdivision
690 ## - LOCAL SUBJECT ADDED ENTRY--TOPICAL TERM (OCLC, RLIN)
Topical term or geographic name as entry element PROPERTY-COMMERCIAL PROPERTY-COMMERCIAL PROPERTY MARKET
710 2# - ADDED ENTRY--CORPORATE NAME
Corporate name or jurisdiction name as entry element Confederation of British Industry
9 (RLIN) 414
856 40 - ELECTRONIC LOCATION AND ACCESS
Uniform Resource Identifier <a href="https://www.gvagrimley.co.uk/">https://www.gvagrimley.co.uk/</a>
Public note View the item free of charge at www.gvagrimley.co.uk...
942 ## - ADDED ENTRY ELEMENTS (KOHA)
Suppress in OPAC 0
Holdings
Withdrawn status Lost status Source of classification or shelving scheme Damaged status Not for loan Home library Current library Shelving location Date acquired Total Checkouts Full call number Barcode Date last seen Copy number Price effective from Koha item type
    Dewey Decimal Classification     Virtual Virtual Online 11/07/2006   ONLINE PUBLICATION 134111-1001 06/08/2019 1 06/08/2019 Book